[Event "6Ã¨me LUC open"]
[Site "Lille"]
[Date "2015-05-06"]
[Round "4.2"]
[White "DEMUTH, Adrien"]
[Black "MANOLACHE, Marius"]
[Result "1-0"]
[WhiteElo "2515"]
[BlackElo "2498"]

1. d4 Nf6 2. c4 c5 3. d5 g6 4. Nc3 Bg7 5. e4 O-O 6. Be3 e6 7. h3 exd5 8. exd5
Re8 9. Bd3 Nh5 10. Nge2 d6 11. g4 Nf6 12. Qd2 Nbd7 13. f4 a6 14. a4 b5 15. axb5
Nb6 16. bxa6 Qe7 17. Bf2 Bxa6 18. Rxa6 Rxa6 19. O-O {partie illisible} 1-0

*

[Event "6Ã¨me LUC open"]
[Site "Lille"]
[Date "2015-05-06"]
[Round "4.3"]
[White "GHARAMIAN, Tigran"]
[Black "LE, Quang Long"]
[Result "1-0"]
[WhiteElo "2647"]
[BlackElo "2405"]

1. e4 c6 2. d4 d5 3. e5 Bf5 4. Nf3 e6 5. Be2 Ne7 6. O-O c5 7. c4 Nbc6 8. Na3
dxc4 9. Nxc4 Nd5 10. a3 h6 11. Be3 Nxe3 12. fxe3 Be7 13. dxc5 Bxc5 14. b4 Qxd1
15. Raxd1 Be7 16. b5 Nb8 17. Nd6+ Bxd6 18. exd6 Nd7 19. Rc1 O-O 20. Rc7 Nf6 21.
Ne5 Ne8 22. Rd7 f6 23. Rxf5 fxe5 24. Bc4 Nf6 25. Rxb7 Kh8 26. Rxe5 Rac8 27. Rc7
1-0

*

[Event "6Ã¨me LUC open"]
[Site "Lille"]
[Date "2015-05-06"]
[Round "4.4"]
[White "LAZAREV, Vladimir"]
[Black "ZHIGALKO, Andrey"]
[Result "1/2-1/2"]
[WhiteElo "2361"]
[BlackElo "2586"]

1. d4 Nf6 2. c4 g6 3. Nc3 d5 4. cxd5 Nxd5 5. Bd2 Nb6 6. e3 Bg7 7. f4 O-O 8. Nf3
c5 9. dxc5 Nd5 10. Qb3 Bxc3 11. bxc3 Nf6 12. c4 Ne4 13. Qa3 Nxd2 14. Nxd2 Na6
15. Be2 e5 16. fxe5 Qh4+ 17. g3 Qe7 18. O-O Bh3 19. Rfe1 Rae8 20. Bf3 Nxc5 21.
Bd5 Qxe5 22. Nf3 Qe7 23. e4 Bg4 24. e5 Rd8 25. Nd4 a6 26. e6 1/2-1/2

*

[Event "6Ã¨me LUC open"]
[Site "Lille"]
[Date "2015-05-06"]
[Round "4.5"]
[White "BURMAKIN, Vladimir"]
[Black "SAGAR, Shah"]
[Result "0-1"]
[WhiteElo "2585"]
[BlackElo "2436"]

1. d4 Nf6 2. Nf3 e6 3. g3 b6 4. Bg2 Bb7 5. c4 g6 6. Nc3 Bg7 7. d5 exd5 8. cxd5
O-O 9. O-O Re8 10. Nd4 Na6 11. Ndb5 Nc5 12. d6 cxd6 13. Nxd6 Bxg2 14. Nxe8 Bxf1
15. Nxf6+ Qxf6 16. Kxf1 Re8 17. Qd5 Qe6 18. Qxe6 dxe6 19. Bd2 Rd8 20. Ke1 Kf8
21. Rc1 a5 22. Bg5 Bxc3+ 23. Rxc3 Rd5 24. Be3 Ke7 25. Bxc5+ Rxc5 26. Rxc5 bxc5
27. Kd2 Kd6 28. Kd3 Kc6 29. e4 Kb5 30. Kc3 g5 31. f4 gxf4 32. gxf4 c4 33. Kd4
Kb4 34. f5 a4 35. fxe6 fxe6 36. Ke5 a3 37. bxa3+ Kc5 38. Kf4 Kd4 0-1

*

[Event "6Ã¨me LUC open"]
[Site "Lille"]
[Date "2015-05-06"]
[Round "4.6"]
[White "BURGNIES, Stephane"]
[Black "MAIOROV, Nikita"]
[Result "0-1"]
[WhiteElo "2195"]
[BlackElo "2563"]

1. Nf3 Nf6 2. c4 b6 3. g3 Bb7 4. Bg2 e6 5. O-O Be7 6. Nc3 O-O 7. d4 Na6 8. b3
d5 9. cxd5 exd5 10. Bb2 Re8 11. Rc1 Bf8 12. Ne5 Qe7 13. e3 Red8 14. Re1 c5 15.
a3 Nc7 16. Re2 Ne6 17. Rd2 cxd4 18. exd4 Nxd4 19. Nxf7 Qxf7 20. Rxd4 Bc5 21.
Rf4 Bd6 22. Rd4 Be5 23. Rd2 d4 24. Bxb7 Qxb7 25. f4 Bd6 26. Nb5 Bf8 27. b4 a5
28. Rxd4 Rxd4 29. Qxd4 axb4 30. axb4 Qf3 31. Nc3 Re8 32. Rf1 Qh5 33. Kg2 Qf7
34. Rf2 Qb7+ 35. Kg1 b5 36. Re2 Rc8 37. Ne4 Ng4 38. Nd6 Qf3 39. Qe4 Qxe4 40.
Nxe4 Bxb4 41. Kg2 h5 42. Ng5 Nf6 43. h3 Bd6 44. Kf3 b4 45. Rd2 Be7 46. Ne6 g6
47. g4 Kf7 48. Ng5+ Ke8 49. gxh5 Nxh5 50. Ne4 Rc6 51. Be5 Rc1 52. Ng3 Nxg3 53.
Kxg3 Kf7 54. Bd6 Rc6 55. Be5 Ke6 56. Bb2 Bf6 57. Bxf6 Kxf6 58. Rb2 Rb6 59. Rb3
Rb8 60. Kf3 Ke6 61. Kg4 Rb5 62. f5+ gxf5+ 63. Kf4 Kf6 64. Kf3 Kg5 65. Ke3 Kh5
66. Kf3 Kg5 67. Ke3 Re5+ 68. Kf3 Re4 69. Rd3 Rc4 70. Rd8 Rc3+ 71. Kg2 b3 72.
Rb8 Rc2+ 73. Kf3 Rc3+ 74. Kg2 Kf4 75. Rb4+ Ke3 0-1

*

[Event "6Ã¨me LUC open"]
[Site "Lille"]
[Date "2015-05-06"]
[Round "4.7"]
[White "BAILET, Pierre"]
[Black "DOURERASSOU, Jonathan"]
[Result "1-0"]
[WhiteElo "2519"]
[BlackElo "2414"]

1. e4 c5 2. Nf3 Nc6 3. Bb5 g6 4. Bxc6 bxc6 5. d4 Ba6 6. dxc5 Qa5+ 7. c3 Qxc5 8.
Be3 Qa5 9. Nbd2 d6 10. b4 Qc7 11. c4 Bg7 12. Rc1 Nf6 13. O-O O-O 14. Re1 Ng4
15. Bd4 e5 16. Bc3 Rae8 17. h3 Nh6 18. Qb3 Kh8 19. c5 dxc5 20. bxc5 f5 21. Nc4
Rb8 22. Qa4 Bb5 23. Qa5 Qxa5 24. Nxa5 Nf7 25. exf5 Rfe8 26. fxg6 hxg6 27. Re4
Rbd8 28. a4 Bd3 29. Rh4+ Kg8 30. Nxc6 Rc8 31. Nb4 Be2 32. Ba1 e4 33. Bxg7 Kxg7
34. Nd2 a5 35. Nd5 Rcd8 36. Nc7 Re5 37. Rxe4 Rxd2 38. Rxe5 Nxe5 39. c6 Kf7 40.
Nb5 Nc4 41. c7 Nb6 42. c8=Q Nxc8 43. Rxc8 Ra2 44. Rc7+ Kf8 45. Rc1 Bxb5 46.
axb5 Rb2 47. Rc6 Rxb5 48. Rxg6 Ke7 49. g4 Kd7 50. h4 a4 51. h5 a3 52. Ra6 Rb4
53. f3 Rb1+ 54. Kf2 Ra1 55. h6 a2 56. h7 1-0

*

[Event "6Ã¨me LUC open"]
[Site "Lille"]
[Date "2015-05-06"]
[Round "4.8"]
[White "LOISEAU, Quentin"]
[Black "NAUMKIN, Igor"]
[Result "1-0"]
[WhiteElo "2415"]
[BlackElo "2445"]

1. d4 Nf6 2. c4 e6 3. g3 d5 4. Bg2 Be7 5. Nf3 O-O 6. O-O dxc4 7. Ne5 c5 8. dxc5
Qc7 9. Nxc4 Qxc5 10. Nbd2 Nc6 11. b3 Rd8 12. Bb2 Qh5 13. e4 Qh6 14. e5 Nd5 15.
Qe2 b6 16. Ne4 Ba6 17. h4 Rac8 18. Rfe1 g6 19. Qf3 Bxc4 20. bxc4 Ndb4 21. Red1
Qh5 22. Nf6+ Bxf6 23. Qxh5 gxh5 24. exf6 Na5 25. Rxd8+ Rxd8 26. Bc3 Nbc6 27. c5
bxc5 28. Rb1 a6 29. a3 h6 30. Rb6 Rd3 31. Bxa5 Nxa5 32. Rb8+ Kh7 33. Be4# 1-0

*

[Event "6Ã¨me LUC open"]
[Site "Lille"]
[Date "2015-05-06"]
[Round "4.9"]
[White "TERRIEUX, Kevin"]
[Black "DI NICOLANTONIO, Lucas"]
[Result "1/2-1/2"]
[WhiteElo "2439"]
[BlackElo "2414"]

1. d4 d6 2. e4 Nf6 3. Nc3 g6 4. Be3 a6 5. f4 Bg7 6. Nf3 b5 7. e5 Nfd7 8. Bd3
Bb7 9. h4 c5 10. h5 cxd4 11. Bxd4 dxe5 12. fxe5 Nc6 13. Be4 O-O 14. hxg6 fxg6
15. Ng5 Nxd4 16. Qxd4 Bxe4 17. Qxe4 Nc5 18. Qe3 Rf5 19. Rxh7 e6 20. Rxg7+ Kxg7
21. Nf3 Rc8 22. Rd1 Qe7 23. Rd6 Rc7 24. Ne2 Nd7 25. Ned4 Rxe5 26. Nxe6+ Kg8 27.
Nxe5 Qxd6 28. Nxc7 Nxe5 29. Nxa6 Nc4 30. Qe8+ Kg7 31. Kf2 Qf6+ 32. Ke2 Qxa6 33.
Qe7+ 1/2-1/2

*

[Event "6Ã¨me LUC open"]
[Site "Lille"]
[Date "2015-05-06"]
[Round "4.10"]
[White "CHATALBASHEV, Boris"]
[Black "VAN DER LENDE, Ilias"]
[Result "1-0"]
[WhiteElo "2541"]
[BlackElo "2333"]

1. d4 d5 2. c4 c6 3. Nf3 e6 4. e3 f5 5. g4 fxg4 6. Ne5 Nf6 7. Nc3 Bb4 8. Bd3
O-O 9. Rg1 Nbd7 10. Nxg4 Nxg4 11. Qxg4 Qf6 12. f4 e5 13. Qh5 e4 14. Bc2 Nb6 15.
cxd5 cxd5 16. Bb3 Bf5 17. Bd2 Bxc3 18. Bxc3 a5 19. a4 h6 20. Kf2 Kh7 21. Rg3 g6
22. Qe2 Rfc8 23. Rh1 Bd7 24. Rhg1 Rg8 25. Qc2 Rac8 26. Kg2 Nc4 27. Kh1 b6 28.
Qg2 h5 29. Qf2 Qh4 30. Bd1 Nd6 31. Qg2 Bf5 32. Rg5 Nc4 33. Bxh5 gxh5 34. Rg7+
Kh6 35. Qg6+ 1-0

*

[Event "6Ã¨me LUC open"]
[Site "Lille"]
[Date "2015-05-06"]
[Round "4.11"]
[White "SILVERT, Alexandre"]
[Black "STRIKOVIC, Aleksa"]
[Result "1/2-1/2"]
[WhiteElo "1997"]
[BlackElo "2526"]

1. d4 d6 2. Nf3 g6 3. c4 Bg7 4. Nc3 e5 5. e4 exd4 6. Nxd4 Ne7 7. Be2 Nbc6 8.
Be3 O-O 9. O-O f5 10. Qd2 Nxd4 11. Bxd4 f4 12. Bxg7 Kxg7 13. Nd5 g5 14. Qc3+
Kh6 15. c5 Nc6 16. Rfd1 Be6 17. Nxc7 Qxc7 18. Rxd6 Rae8 19. Bg4 Nd8 20. Qh3+
Kg7 21. Bxe6 Qxc5 22. Rad1 Nxe6 23. Rxe6 Rxe6 24. Qxe6 Rf7 25. h3 Qe7 26. Qxe7
Rxe7 27. f3 1/2-1/2

*

[Event "6Ã¨me LUC open"]
[Site "Lille"]
[Date "2015-05-06"]
[Round "4.12"]
[White "SHIRAZI, Kamran"]
[Black "ROSENAUER, Horst"]
[Result "1-0"]
[WhiteElo "2385"]
[BlackElo "1966"]

1. e4 e5 2. Nf3 Nc6 3. c3 d5 4. Qa4 dxe4 5. Nxe5 Qd5 6. Nxc6 bxc6 7. Bc4 Qd7 8.
O-O Nf6 9. d3 exd3 10. Bxd3 Be7 11. Bf5 Qd5 12. Bxc8 Rxc8 13. Re1 Rd8 14. Bf4
O-O 15. c4 Qd4 16. Be5 Qh4 17. Bxc7 Bc5 18. Bg3 Qg4 19. Nc3 h5 20. Qxc6 Qxc4
21. Kh1 Rc8 22. Qb5 Qg4 23. h3 Qg6 24. Rad1 Qh6 25. Na4 h4 26. Nxc5 hxg3 27.
fxg3 Qg5 28. b4 Qxg3 29. Qd3 Qh4 30. Qd4 Qh6 31. Qe3 Qh5 32. Qe2 Qh4 33. a3 a5
34. Ne4 axb4 35. Nxf6+ Qxf6 36. axb4 Qb6 37. Qg4 Rc2 38. Rc1 Rb2 39. Rb1 Rc2
40. Rec1 Rf2 41. b5 Rb8 42. Qe4 Rf6 43. Rc4 Rg6 44. Qc2 Qb7 45. Rc7 Qd5 46. b6
Rg3 47. Rc8+ Rxc8 48. Qxc8+ Kh7 49. Qc2+ g6 50. b7 Rxh3+ 51. Kg1 Qd4+ 52. Qf2
Rh1+ 53. Kxh1 Qxf2 1-0

*

[Event "6Ã¨me LUC open"]
[Site "Lille"]
[Date "2015-05-06"]
[Round "4.13"]
[White "BLOEM, Mark"]
[Black "MARTYNOV, Pavel"]
[Result "0-1"]
[WhiteElo "1978"]
[BlackElo "2440"]

1. e4 c5 2. f4 e6 3. Nf3 d5 4. d3 Nf6 5. Qe2 Be7 6. g3 b6 7. Bg2 dxe4 8. dxe4
Ba6 9. c4 Nc6 10. Na3 Rc8 11. O-O Nd4 12. Qd3 O-O 13. Rd1 Qc7 14. b3 Rfd8 15.
Bb2 Qb8 16. Ne5 Bb7 17. Kh1 Qa8 18. Re1 Nf5 19. Qc2 Nd6 20. Re2 Ndxe4 21. Nb5
a6 22. Nc3 Nxc3 23. Bxc3 Bxg2+ 24. Rxg2 Ne4 25. Bb2 Rd6 26. Re1 f5 27. Kg1 Rcd8
28. Bc3 Bf6 29. g4 Bxe5 30. Bxe5 Rd2 31. Qc1 Rxg2+ 32. Kxg2 Rd2+ 33. Kh3 0-1

*

[Event "6Ã¨me LUC open"]
[Site "Lille"]
[Date "2015-05-06"]
[Round "4.14"]
[White "STAS, Arnould"]
[Black "VALLES, Manuel"]
[Result "0-1"]
[WhiteElo "1967"]
[BlackElo "2354"]

1. e4 c5 2. Nf3 e6 3. d4 cxd4 4. Nxd4 Nf6 5. Nc3 Nc6 6. Ndb5 Bc5 7. Nd6+ Ke7 8.
Nc4 d5 9. Nd2 Qb6 10. Qf3 Nd4 11. Qd1 Nc6 12. Qf3 Ne5 13. Qg3 Neg4 14. Nd1 h5
15. Bd3 dxe4 16. Nxe4 Nxe4 17. Bxe4 Qb4+ 18. Kf1 Bd7 19. Bd3 Bd6 0-1

*

[Event "6Ã¨me LUC open"]
[Site "Lille"]
[Date "2015-05-06"]
[Round "4.15"]
[White "LABADIE, Jean-Jacques"]
[Black "MIDOUX, Sebastien"]
[Result "0-1"]
[WhiteElo "1958"]
[BlackElo "2315"]

1. d4 Nf6 2. c4 g6 3. Nc3 d5 4. Bg5 Bg7 5. Bxf6 Bxf6 6. cxd5 c5 7. Nf3 Qb6 8.
a3 cxd4 9. Ne4 Bg7 10. Rc1 O-O 11. Qd2 Rd8 12. Rc4 Qb3 13. Qb4 Qxb4+ 14. axb4
Nd7 15. b5 Nb6 16. Rb4 Nxd5 17. Rb3 f5 18. Nc5 e5 19. Ng5 Bf6 20. e4 dxe3 21.
Nce6 Bxe6 22. Nxe6 Rd6 0-1

*

[Event "6Ã¨me LUC open"]
[Site "Lille"]
[Date "2015-05-06"]
[Round "4.16"]
[White "VAN FOREEST, Lucas"]
[Black "VEKEMANS, Denis"]
[Result "1-0"]
[WhiteElo "2312"]
[BlackElo "1951"]

1. e4 d5 2. exd5 Qxd5 3. Nf3 Bg4 4. Be2 Nf6 5. Nc3 Qd6 6. d4 c6 7. O-O Nbd7 8.
Re1 g6 9. h3 Bxf3 10. Bxf3 Bg7 11. d5 cxd5 12. Nxd5 Nxd5 13. Bxd5 Rb8 14. c3
O-O 15. Be3 b6 16. Bb3 Qc7 17. Qe2 e6 18. Rad1 Nc5 19. Bc2 Rbd8 20. Rxd8 Rxd8
21. Rd1 Rxd1+ 22. Qxd1 Qd7 23. Qe2 Na4 24. Be4 Nc5 25. Bb1 Qd5 26. Kf1 Bf6 27.
Qd2 Qc4+ 28. Kg1 h5 29. Qd1 Kg7 30. Qf1 Qd5 31. Qe2 Qd6 32. Qd2 Qc6 33. Bc2 Na4
34. Bb3 Nc5 35. Bd1 Qb5 36. Qc2 Qc4 37. a3 Qd5 38. b4 Nd7 39. c4 Qc6 40. Be2
Qc7 41. Qa4 Be5 42. Qb5 Nf6 43. Bf3 Ng8 44. c5 1-0

*

[Event "6Ã¨me LUC open"]
[Site "Lille"]
[Date "2015-05-06"]
[Round "4.17"]
[White "MANET, Eric"]
[Black "GUEZENNEC, Franck"]
[Result "0-1"]
[WhiteElo "1934"]
[BlackElo "2231"]

1. c4 e5 2. Nc3 Nf6 3. g3 c6 4. Bg2 d5 5. cxd5 cxd5 6. d4 exd4 7. Qxd4 Nc6 8.
Qa4 d4 9. Nb1 Bd7 10. a3 Rc8 11. Qd1 Qa5+ 12. Bd2 Qb6 13. Bc1 Be7 14. Nf3 O-O
15. O-O a5 16. Nbd2 Rfd8 17. Qb3 Qc5 18. Qd3 a4 19. b4 Qh5 20. Nc4 Bf5 21. Qd1
b5 22. Nb2 Ne4 23. Nd3 Nc3 24. Qd2 Qg6 25. Nf4 Qd6 26. Bb2 Ne5 27. Nxe5 Qxe5
28. Bf3 Bg5 29. Nd3 Qe7 30. Qe1 Re8 31. g4 Bxd3 32. exd3 Qd7 33. Be4 Qxg4+ 34.
Kh1 Rxe4 35. dxe4 Qf3+ 0-1

*

[Event "6Ã¨me LUC open"]
[Site "Lille"]
[Date "2015-05-06"]
[Round "4.18"]
[White "MARIE, Maxime"]
[Black "MARUEJOLS, Claude"]
[Result "1-0"]
[WhiteElo "2228"]
[BlackElo "1939"]

1. e4 c5 2. Nf3 d6 3. c3 Nf6 4. Be2 Bg4 5. O-O e6 6. Re1 Be7 7. d4 cxd4 8. cxd4
d5 9. e5 Ne4 10. Qb3 Qd7 11. h3 Bh5 12. Be3 O-O 13. Na3 Rc8 14. Rac1 Nc6 15.
Nc2 Rc7 16. a3 Rac8 17. Qa2 h6 18. Red1 Na5 19. Nce1 Qa4 20. Qb1 Nb3 21. Rxc7
Rxc7 22. Rd3 Qb5 23. Qd1 Na5 24. Rd2 Qb3 25. Rc2 Rxc2 26. Qxc2 Qxc2 27. Nxc2
Nb3 28. Kf1 Bd8 29. Ke1 Ba5+ 30. Kd1 Kf8 31. Nb4 Bb6 32. g4 Bg6 33. Nd3 a5 34.
Nf4 Bh7 35. Bb5 Ng5 36. Nxg5 hxg5 37. Ne2 f6 38. Ba4 Na1 39. Kc1 Bd3 40. Kd2
Bc4 41. Nc1 fxe5 42. dxe5 Bxe3+ 43. Kxe3 Bf1 44. f3 b5 45. Bd1 b4 46. axb4 axb4
47. b3 Ke7 48. Ne2 Bxe2 49. Kxe2 Kd7 50. Ke3 Kc6 51. Kd4 Kb5 52. f4 gxf4 53. h4
Kc6 54. h5 Kd7 55. g5 Ke7 56. Kd3 Kf7 57. Ke2 d4 58. Kf3 d3 59. Kxf4 Nc2 60.
Ke4 Ne1 61. Ke3 g6 62. h6 Ng2+ 63. Kxd3 Nf4+ 64. Kc4 Nh3 65. Kxb4 Nxg5 66. Kc5
Kg8 67. Kd6 Kh7 68. b4 Kxh6 69. b5 1-0

*

[Event "6Ã¨me LUC open"]
[Site "Lille"]
[Date "2015-05-06"]
[Round "4.19"]
[White "CARTIGNY, Patrick"]
[Black "CHKHAIDZE, Nikoloz"]
[Result "0-1"]
[WhiteElo "1886"]
[BlackElo "2226"]

1. e4 e5 2. Bc4 Nc6 3. Nf3 Bc5 4. d3 Nf6 5. c3 d6 6. Bb3 a6 7. Nbd2 Ba7 8. h3
O-O 9. O-O Be6 10. Re1 Bxb3 11. axb3 d5 12. exd5 Qxd5 13. Ne4 Qe6 14. Be3 Bxe3
15. Nxf6+ Qxf6 16. Rxe3 Rfe8 17. Qc2 Re6 18. Rae1 Qf5 19. Qe2 Rae8 20. Nd2 a5
21. Ne4 b6 22. Qg4 Qxg4 23. hxg4 f6 24. d4 Rd8 25. Ng3 Red6 26. dxe5 Nxe5 27.
f3 Nd3 28. R1e2 Nc1 29. Re1 Nd3 30. R1e2 Nf4 31. Re8+ Rxe8 32. Rxe8+ Kf7 33.
Rc8 Rd7 34. Nf5 Nd3 35. Nd4 Nxb2 36. Nb5 a4 37. bxa4 Nxa4 38. Ra8 Nc5 39. f4 c6
40. Nd4 Ne6 41. Nxe6 Kxe6 42. Rc8 Kd5 43. Kf2 Rd6 44. Rc7 g5 45. Rxh7 Kc4 46.
Rh6 0-1

*

[Event "6Ã¨me LUC open"]
[Site "Lille"]
[Date "2015-05-06"]
[Round "4.20"]
[White "COTTEGNIE, Francis"]
[Black "CALOONE, Thomas"]
[Result "0-1"]
[WhiteElo "1904"]
[BlackElo "2175"]

1. d4 Nf6 2. Nf3 g6 3. Bf4 Bg7 4. Nbd2 O-O 5. h3 d6 6. e3 a6 7. Be2 Nbd7 8. O-O
Re8 9. Bh2 c5 10. c3 b6 11. Qb3 Bb7 12. Rad1 Rc8 13. Rfe1 b5 14. Bf1 Qb6 15.
Rc1 e5 16. dxe5 Nxe5 17. e4 c4 18. Qc2 Re7 19. Rcd1 Bc6 20. Kh1 Rce8 21. Bg1
Bh6 22. Nh2 Qb7 23. f3 Nh5 24. Bf2 Bf4 25. Ng4 Bg3 26. Bxg3 Nxg3+ 27. Kh2 Nh5
28. Be2 Nf4 29. Nf1 Kg7 30. Nfe3 h5 31. Nf2 0-1

*

[Event "6Ã¨me LUC open"]
[Site "Lille"]
[Date "2015-05-06"]
[Round "4.21"]
[White "HENRIS, Luc"]
[Black "TUPET, Guillaume"]
[Result "1-0"]
[WhiteElo "2153"]
[BlackElo "1931"]

1. e4 e5 2. Nf3 Nc6 3. d3 Nf6 4. Be2 d5 5. Nbd2 Be7 6. O-O O-O 7. c3 Re8 8.
exd5 Nxd5 9. Nc4 Bf8 10. a4 f6 11. Re1 Be6 12. Ne3 Nf4 13. Bf1 Na5 14. b4 Nb3
15. Rb1 Nxc1 16. Rxc1 Qd7 17. Nc4 Qf7 18. Rc2 Rad8 19. Rd2 c5 20. b5 g6 21. Ne3
Bh6 22. c4 Rd7 23. g3 Nh3+ 24. Bxh3 Bxh3 25. Nh4 Be6 26. Nhg2 Red8 27. f4 e4
28. Nd5 Bxd5 29. cxd5 exd3 30. Rxd3 Rxd5 31. Rxd5 Rxd5 32. Re8+ Bf8 33. Qe2 Rd4
34. a5 Ra4 35. a6 bxa6 36. bxa6 Ra1+ 37. Ne1 c4 38. Qe4 Rxa6 39. Nf3 Ra1+ 40.
Kg2 Ra2+ 41. Kh3 c3 42. Nd4 Qd7+ 43. f5 Ra4 44. Rxf8+ Kxf8 45. Ne6+ Kf7 46. Qa8
gxf5 47. Nc5 Qd1 48. Qb7+ Kg6 49. Nxa4 Qf1+ 50. Kh4 Qc4+ 0-1

*

[Event "6Ã¨me LUC open"]
[Site "Lille"]
[Date "2015-05-06"]
[Round "4.22"]
[White "JENNY, Gerald"]
[Black "WEILL, Roland"]
[Result "1/2-1/2"]
[WhiteElo "1882"]
[BlackElo "2151"]

1. d4 Nf6 2. c4 Nc6 3. Nf3 e6 4. a3 d6 5. b4 Be7 6. Bb2 O-O 7. Qc2 Re8 8. e3
Bf8 9. b5 Nb8 10. Nbd2 Nbd7 11. Rd1 Qe7 12. g3 e5 13. Bg2 h6 14. O-O e4 15. Nh4
g6 16. Bh3 Bg7 17. Ng2 Nf8 18. Bxc8 Raxc8 19. f3 exf3 20. Rxf3 Ne4 21. Nxe4
Qxe4 22. Qf2 Ne6 23. h4 f5 24. Rf1 h5 25. Qd2 Re7 26. a4 Rce8 27. a5 Bh6 28.
Qc3 Bg7 29. Qd2 d5 30. c5 Bh6 31. Qc3 Nd8 32. Ba3 c6 33. a6 cxb5 34. axb7 Rxb7
35. Kh2 Nc6 36. Bc1 a5 37. Nf4 Kh7 38. Qb3 Rd8 39. Qd1 Rf8 40. Nh3 a4 41. Nf2
Qe6 42. e4 Bxc1 43. exf5 Rxf5 44. Rxf5 Qxf5 45. Nh3 Qg4 46. Qxc1 Re7 47. Ng5+
Kg8 48. Rf6 Nxd4 49. Rxg6+ Rg7 50. Rxg7+ Kxg7 51. c6 Nxc6 52. Qxc6 Qe2+ 53. Kh1
Qf1+ 54. Kh2 Qf2+ 55. Kh1 Qf1+ 56. Kh2 Qf2+ 57. Kh1 Qf1+ 58. Kh2 Qf2+ 59. Kh1
1/2-1/2

*

[Event "6Ã¨me LUC open"]
[Site "Lille"]
[Date "2015-05-06"]
[Round "4.23"]
[White "HAUSEUX, Paul"]
[Black "MCLAREN, Brian"]
[Result "0-1"]
[WhiteElo "1841"]
[BlackElo "2141"]

1. e4 Nf6 2. Nc3 d5 3. exd5 Nxd5 4. Nxd5 Qxd5 5. Qf3 c6 6. Qxd5 cxd5 7. Bb5+
Nc6 8. d3 e5 9. f4 f6 10. fxe5 fxe5 11. Nf3 Bd6 12. Bg5 O-O 13. h3 e4 14. Bxc6
Bg3+ 15. Kd2 bxc6 16. Nd4 Rf2+ 17. Ne2 Be5 18. g4 Bxb2 19. Rab1 Ba3 20. Be3 Rg2
21. Rb3 Bd6 22. Rf1 Be6 23. Rb7 c5 24. Rf2 Rxf2 25. Bxf2 d4 26. dxe4 Bxa2 27.
Rd7 Bf8 28. c3 dxc3+ 29. Nxc3 Be6 30. Rc7 a5 31. Bxc5 a4 32. Bxf8 Kxf8 33. Kc2
a3 34. Kb1 a2+ 35. Ka1 Rd8 36. Nxa2 Ra8 37. Rc2 Ra3 38. Kb1 Bxa2+ 39. Rxa2 Rxh3
40. Rg2 Re3 41. Kc2 Rxe4 42. Kd3 Re1 43. Rf2+ Kg8 44. Rf4 h6 45. Rb4 Kh7 46.
Rb6 Rg1 47. Rb4 Kg6 48. Ke3 Kg5 49. Kf3 Kh4 50. Ra4 Rg3+ 51. Kf2 Rxg4 52. Ra7
h5 53. Kf3 Kh3 54. Ra1 Rg3+ 55. Kf2 Rg2+ 56. Kf3 g5 57. Rh1+ Rh2 58. Rg1 g4+
59. Kf4 Rf2+ 60. Ke3 g3 61. Rh1+ Kg4 62. Ra1 h4 63. Ra4+ Kh3 64. Ra1 Kg2 0-1

*

[Event "6Ã¨me LUC open"]
[Site "Lille"]
[Date "2015-05-06"]
[Round "4.24"]
[White "VERSCHRAEGEN, Thomas"]
[Black "MOKAL, Amruta Sunil"]
[Result "0-1"]
[WhiteElo "1752"]
[BlackElo "2130"]

1. e4 c5 2. Nf3 e6 3. d4 cxd4 4. Nxd4 a6 5. Nc3 Qc7 6. Be3 Nf6 7. a3 Nc6 8. Bd3
Ne5 9. Qd2 Nfg4 10. Nb3 Nxd3+ 11. Qxd3 Bd6 12. g3 b5 13. O-O Bb7 14. Qd4 0-1

*

[Event "6Ã¨me LUC open"]
[Site "Lille"]
[Date "2015-05-06"]
[Round "4.25"]
[White "BILLOT, Daniel"]
[Black "DIAZ, Franck"]
[Result "1/2-1/2"]
[WhiteElo "1745"]
[BlackElo "2111"]

1. e4 e5 2. Nf3 Nc6 3. Bc4 Nf6 4. d4 exd4 5. c3 Nxe4 6. O-O d5 7. Bb3 Bg4 8.
Re1 Be7 9. Nbd2 Nxd2 10. Bxd2 O-O 11. h3 Bh5 12. g4 Bg6 13. Qe2 d3 14. Qf1 Be4
15. Nd4 Bc5 16. Nxc6 bxc6 17. Be3 Bxe3 18. Rxe3 c5 19. Rae1 Qd6 20. c4 c6 21.
f3 Bg6 22. cxd5 cxd5 23. Ba4 f6 24. Kg2 Rab8 25. Qf2 Rb4 26. Re6 Qb8 27. b3 Rd4
28. Qe3 d2 29. Rd1 Qb4 30. Re7 1/2-1/2

*

[Event "6Ã¨me LUC open"]
[Site "Lille"]
[Date "2015-05-06"]
[Round "4.26"]
[White "POISSONNIER, Jean-Louis"]
[Black "MADDENS, Martijn"]
[Result "0-1"]
[WhiteElo "1577"]
[BlackElo "2095"]

1. e4 Nf6 2. Bc4 Nxe4 3. Bxf7+ Kxf7 4. Qh5+ g6 5. Qd5+ e6 6. Qxe4 Bg7 7. Nf3
Re8 8. d3 d5 9. Qf4+ Kg8 10. Ng5 Qe7 11. Qh4 1-0

*

[Event "6Ã¨me LUC open"]
[Site "Lille"]
[Date "2015-05-06"]
[Round "4.27"]
[White "GRIGORIAN, Roudolph"]
[Black "VEKEMANS, Sylvain"]
[Result "1-0"]
[WhiteElo "2093"]
[BlackElo "1893"]

1. d4 Nf6 2. Nf3 c6 3. g3 d5 4. Bg2 Bf5 5. O-O e6 6. b3 Bd6 7. Bb2 O-O 8. Nbd2
Nbd7 9. Nh4 Ne4 10. f3 Nxg3 11. hxg3 Bxg3 12. Nxf5 exf5 13. f4 Qh4 14. Rf3 Qh2+
15. Kf1 Nf6 16. Rd3 Ng4 17. Nf3 Qh6 18. e3 Nf2 19. Qd2 f6 20. Ke2 g5 21. Rf1
Nxd3 22. Qxd3 Qg6 23. Rg1 Rae8 24. fxg5 fxg5 25. Ne5 Bxe5 26. dxe5 Re6 27. Kd2
h5 28. Qd4 a6 29. c4 dxc4 30. Bf1 Kh7 31. Bxc4 Ree8 32. Qd7+ Kh6 33. Ba3 Rh8
34. Be7 g4 35. Bf6 Rh7 36. Qd4 Rc7 37. Qf4+ Kh7 38. Bd3 Rd7 39. Ke2 Red8 40.
Bxd8 1-0

*

[Event "6Ã¨me LUC open"]
[Site "Lille"]
[Date "2015-05-06"]
[Round "4.28"]
[White "LECLERCQ, Olivier"]
[Black "BECUWE, Olivier"]
[Result "0-1"]
[WhiteElo "1545"]
[BlackElo "2083"]

1. e4 Nc6 2. Nf3 d5 3. exd5 Qxd5 4. d4 Bg4 5. c4 Qf5 6. Be2 O-O-O 7. Be3 Bxf3
8. Bxf3 Nxd4 9. Bxd4 Qe6+ 10. Be2 Qe4 11. O-O Qxd4 12. Qxd4 Rxd4 13. Rd1 Rxd1+
14. Bxd1 e6 15. Nc3 Nf6 16. Bf3 Bb4 17. Ne2 Rd8 18. Ng3 Rd2 19. Rb1 Bc5 20. Be2
Bd4 21. Kf1 Rxb2 22. Rxb2 Bxb2 23. Ke1 Bc3+ 24. Kd1 Kd7 25. Kc2 Be1 26. Nh1 Kd6
27. Kd1 Bc3 28. h4 Bd4 29. h5 h6 30. f3 Nxh5 0-1

*

[Event "6Ã¨me LUC open"]
[Site "Lille"]
[Date "2015-05-06"]
[Round "4.30"]
[White "Noordhoek, Henk"]
[Black "VAN HOOREBEKE, Jimmy"]
[Result "1-0"]
[WhiteElo "2026"]
[BlackElo "1841"]

1. Nf3 f5 2. d3 Nf6 3. e4 d6 4. Nc3 e5 5. Be2 Nc6 6. b3 g6 7. Bb2 Bg7 8. h4 O-O
9. Qd2 f4 10. O-O-O Bd7 11. Kb1 a6 12. d4 exd4 13. Nxd4 Nxd4 14. Qxd4 Ng4 15.
Qd2 Nxf2 16. Bc4+ 1-0

*

[Event "6Ã¨me LUC open"]
[Site "Lille"]
[Date "2015-05-06"]
[Round "4.31"]
[White "REAL, Thibault"]
[Black "DECLERCQ, Jean"]
[Result "1-0"]
[WhiteElo "2026"]
[BlackElo "1763"]

1. e4 c6 2. c4 d5 3. cxd5 cxd5 4. exd5 Nf6 5. Nc3 Nxd5 6. Nf3 e6 7. d4 Nc6 8.
Bd3 Bb4 9. Bd2 Qa5 10. Qb3 Bd7 11. O-O O-O 12. Rfe1 Rfe8 13. Rad1 Rac8 14. Bb1
Nce7 15. Ne4 Ba4 16. Bxb4 Nxb4 17. Qa3 Ned5 18. b3 Nb6 19. Nd6 1-0

*

[Event "6Ã¨me LUC open"]
[Site "Lille"]
[Date "2015-05-06"]
[Round "4.32"]
[White "CADERON, Michel"]
[Black "BAUDE, Christian"]
[Result "1-0"]
[WhiteElo "1999"]
[BlackElo "1735"]

1. e4 c5 2. Nf3 d6 3. d4 cxd4 4. Nxd4 g6 5. c4 Bg7 6. Nc3 Nf6 7. Be2 O-O 8. Be3
Nc6 9. Rc1 Bd7 10. O-O Ne5 11. f3 Rc8 12. b3 a6 13. Qd2 Re8 14. Rfd1 Qa5 15.
Bg5 Qd8 16. Bf1 Nc6 17. Be3 Rf8 18. Nc2 Qe8 19. Na4 Be6 20. Nb6 Rb8 21. b4 Rd8
22. Nd5 Bxd5 23. exd5 Nb8 24. Bg5 Qd7 25. Nd4 Qc7 26. a4 Nbd7 27. a5 Rfe8 28.
Re1 Nf8 29. Be3 Rc8 30. g3 Qd7 31. h4 e5 32. dxe6 fxe6 33. Bh3 Qe7 34. Kh2 Qf7
35. Ne2 Rcd8 36. Nc3 Nh5 37. Bg2 Kh8 38. Bd4 e5 39. Bb6 Rd7 40. Qd5 Qf6 41. Ne4
Qe7 42. Bh3 Ne6 43. Bf2 Rdd8 44. Red1 Bh6 45. Ng5 Nxg5 46. hxg5 Bxg5 47. Rc2
Rf8 48. Rd3 Nf6 49. Qe6 Qxe6 50. Bxe6 e4 51. fxe4 Nxe4 52. Be1 Rf1 53. Re2 Nf6
54. Bh3 Rf5 55. Bc3 Rc8 56. Bxf5 gxf5 57. Rxd6 Kg7 58. Ree6 Rf8 59. Rb6 Rf7 60.
b5 axb5 1-0

*

[Event "6Ã¨me LUC open"]
[Site "Lille"]
[Date "2015-05-06"]
[Round "4.33"]
[White "ROGER, Mehdi"]
[Black "DESBOIS, Jean-Marie"]
[Result "1-0"]
[WhiteElo "2176"]
[BlackElo "1609"]

1. e4 d6 2. d4 Nf6 3. Nc3 Nbd7 4. g4 e5 5. g5 exd4 6. Qxd4 Ng8 7. Nf3 Ne7 8.
Be3 Nc6 9. Qd2 Nde5 10. Nxe5 Nxe5 11. Be2 Be6 12. O-O-O Be7 13. Rhg1 c6 14. f4
Nc4 15. Bxc4 Bxc4 16. Qd4 Qb6 17. b3 Qxd4 18. Bxd4 Ba6 19. Bxg7 Rg8 20. Bd4 b5
21. Ne2 Bb7 22. Ng3 c5 23. Bb2 Kd7 24. Nf5 Raf8 25. Nxd6 Bxd6 26. e5 f5 27.
Rxd6+ Ke7 28. Rh6 Rg6 29. Rxh7+ Rf7 30. Rxf7+ Kxf7 31. h4 Bf3 32. h5 Bxh5 33.
Rh1 Be2 34. Kd2 Bf3 35. Rh7+ Ke6 36. Rxa7 Bc6 37. c4 Rg8 38. Rc7 Rd8+ 39. Ke2
Be8 40. Rxc5 bxc4 41. bxc4 Bh5+ 42. Ke3 Ra8 43. a3 Be8 44. Rd5 Rb8 45. Rd6+ Ke7
46. Bc3 Rb3 47. Kd4 Rxa3 48. Rf6 Ra4 49. Kd3 Ra2 50. Bb4+ 1-0

*